| 000 | 00603nam a2200193Ia 4500 | ||
|---|---|---|---|
| 003 | IN-BaIIA | ||
| 008 | 211028s9999 xx 000 0 eng d | ||
| 040 | _cIIA Library | ||
| 080 |
_a083.7:674.048.4 _bISI |
||
| 110 | _aIndian Standards Institution | ||
| 245 | 0 |
_aIndian standard method for laboratory testing of wood preservatives against fungi _cIndian Standards Institution |
|
| 260 |
_aNew Delhi _bIndian Standards Institution _c1969 |
||
| 300 | _a7p. | ||
| 500 | _aIS 4873 : 1968 | ||
| 650 | _a Standards | ||
| 650 |
_a Wood Preservatives _98817 |
||
| 650 | _aNASA Thesaurus | ||
| 942 | _cBK | ||
| 999 |
_c4922 _d4922 |
||